První nezávislost : Poláci v Těšínském Slezsku v roce 1918 /

Další autoři: Nowak, Krzysztof
Jazyk: Čeština
Vydáno: Cieszyn : Biuro Promocji i Informacji, 2008
Témata:
Fyzický popis: 152 s. : il., faksim. ; 24 cm
Knihy
Uloženo v:
LEADER 01554nam a2200421 a 4500
001 000966710
003 CZ BrMZK
005 20091007102430.0
007 ta
008 090331s2008 pl ah e 000 0 cze
020 |a 978-83-89835-41-3  |q (brož.) 
040 |a BOA001  |b cze 
043 |a e-xr---  |b e-xr-mo  |a e-pl---  |2 czenas 
045 |a x1x1 
072 7 |a 94(430/439)  |x Dějiny zemí střední Evropy  |2 Konspekt  |9 8 
080 |a (=162.1)  |2 MRF 
080 |a 341.223  |2 MRF 
080 |a 328/329  |2 MRF 
080 |a 323.1  |2 MRF 
080 |a 94(438)  |2 MRF 
080 |a 94(437.326)  |2 MRF 
080 |a (082)  |2 MRF 
245 0 0 |a První nezávislost :  |b Poláci v Těšínském Slezsku v roce 1918 /  |c [text: Krzysztof Nowak ... et al.] 
260 |a Cieszyn :  |b Biuro Promocji i Informacji,  |c 2008 
300 |a 152 s. :  |b il., faksim. ;  |c 24 cm 
504 |a Obsahuje bibliografii 
648 7 |a 1918  |7 ch460647  |2 czenas 
650 0 7 |a Poláci  |7 ph118004  |z Těšínské Slezsko  |2 czenas 
650 0 7 |a územní změny  |7 ph206874  |z Polsko  |y 1918  |2 czenas 
655 7 |a sborníky  |7 fd163935  |2 czenas 
651 7 |a Těšínské Slezsko  |7 ge128598  |x dějiny  |y 1918  |2 czenas 
651 7 |a Těšínské Slezsko  |7 ge128598  |x národnostní poměry  |2 czenas 
651 7 |a Těšínské Slezsko  |7 ge128598  |x politika a vláda  |y 1918  |2 czenas 
700 1 |a Nowak, Krzysztof  |7 mzk2009535014  |4 aut 
910 2 |a BOA001  |b 2-1229.432 
990 |a BK 
991 |b 200910  |c NOV  |j 94(4) PRV 
996 6 |b 2610391599  |c 2-1229.432  |l MZK  |r Sklad / do 1 hodiny  |n 10  |p dar  |w 000966710  |u 000010  |a 1  |e BOA001  |j MZK50  |s P